বাণিজ্য-বিধি = [Commercial law] / (Record no. 47078)
[ view plain ]
| 000 -LEADER | |
|---|---|
| fixed length control field | 00793nam a2200229 a 4500 |
| 001 - CONTROL NUMBER | |
| control field | 47078 |
| 003 - CONTROL NUMBER IDENTIFIER | |
| rucl marc code | BD-RjUL |
| 005 - DATE AND TIME OF LATEST TRANSACTION | |
| control field | 20211209054245.0 |
| 008 - FIXED-LENGTH DATA ELEMENTS--GENERAL INFORMATION | |
| fixed length control field | 160807s1971 bg ||||| |||| 00| 0 ben d |
| 035 ## - SYSTEM CONTROL NUMBER | |
| System control number | (BD-RjUL)47197 |
| 040 ## - CATALOGING SOURCE | |
| Original cataloging agency | BD-RjUL |
| Language of cataloging | ben |
| Transcribing agency | BD-RjUL |
| 041 ## - LANGUAGE CODE | |
| Language code of text/sound track or separate title | ben |
| 082 ## - DEWEY DECIMAL CLASSIFICATION NUMBER | |
| Edition number | 23 |
| Classification number | 347.7 |
| Author mark and year | SOB 1971 |
| 100 ## - MAIN ENTRY--PERSONAL NAME | |
| Personal name | সরকার, কৃষ্ণপদ |
| 9 (RLIN) | 143382 |
| 245 ## - TITLE STATEMENT | |
| Title | বাণিজ্য-বিধি = [Commercial law] / |
| Statement of responsibility, etc. | কৃষ্ণপদ সরকার |
| 250 ## - EDITION STATEMENT | |
| Edition statement | ৪র্থ সং |
| 260 ## - PUBLICATION, DISTRIBUTION, ETC. (IMPRINT) | |
| Place of publication, distribution, etc. | ঢাকা : |
| Name of publisher, distributor, etc. | আলী পাবলিকেশনস্, |
| Date of publication, distribution, etc. | ১৯৭১ |
| 300 ## - PHYSICAL DESCRIPTION | |
| Pagination | iii,২১৯ [৭৯] ; |
| Size | ২১ সেমি। |
| 650 ## - SUBJECT ADDED ENTRY--TOPICAL TERM | |
| Topical term or geographic name as entry element | বাণিজ্য-বিধি |
| 9 (RLIN) | 143383 |
| Topical term or geographic name as entry element | Commercial law |
| 9 (RLIN) | 143384 |
| 942 ## - ADDED ENTRY ELEMENTS (KOHA) | |
| Source of classification or shelving scheme | Dewey Decimal Classification |
| Koha item type | Books |
| Lost status | Source of classification or shelving scheme | Damaged status | Not for loan | Collection code | Permanent Location | Current Location | Shelving location | Date acquired | Source of acquisition | Cost, normal purchase price | Total Checkouts | Full call number | Date last seen | Copy number | Koha item type |
|---|---|---|---|---|---|---|---|---|---|---|---|---|---|---|---|
| Dewey Decimal Classification | Non-fiction | Central Library, University of Rajshahi | Central Library, University of Rajshahi | 01/12/1972 | Paragon Enterprise Book corporarion | 14.00 | B 347.7 SOB 1971 | 07/08/2016 | C-2 | Books | |||||
| Dewey Decimal Classification | Non-fiction | Central Library, University of Rajshahi | Central Library, University of Rajshahi | 04/12/1972 | Paragon Enterprises Dhaka | 14.00 | B 347.7 SOB 1971 | 08/08/2016 | C-3 | Books | |||||
| Dewey Decimal Classification | Non-fiction | Central Library, University of Rajshahi | Central Library, University of Rajshahi | 04/12/1972 | Paragon Enterprises Dhaka | 14.00 | B 347.7 SOB 1971 | 08/08/2016 | C-4 | Books | |||||
| Dewey Decimal Classification | Non-fiction | Central Library, University of Rajshahi | Central Library, University of Rajshahi | 01/12/1972 | Paragon Enterprise Lit., Dhaka | 14.00 | B 347.7 SOB 1971 | 20/08/2016 | C-5 | Books |